000 00742nam a2200241 i 4500
001 C2-0235575
003 PPAK
005 20180727195630.0
008 010906s1994 nyu |||| ||||| | eng d
020 _a0517884585
040 _aPPAK
_beng
_cPPAK
_erda
082 0 4 _a613.25
_223
090 0 0 _a613.25
_bCHO
_dG
100 1 _aChopra, Deepak,
_eauthor
245 1 0 _aPerfect weight :
_bthe complete mind/body program for achieving and maintaining your ideal weight
264 1 _aNew York :
_bThree Rivers Press ,
_c1994
300 _ax, 129 pages ;
_c20 cm
336 _2rdacontent
_atext
337 _2rdamedia
_aunmediated
338 _2rdacarrier
_avolume
650 1 0 _aReducing ; Meidicine - Ayurvedic ; Mind and body
942 _ddc
_cB
999 _c51558
_d51558